| 000 | 00000nam##2200000za#4500 |
| 001 | 9.571810 |
| 003 | CaOODSP |
| 005 | 20210624182917 |
| 007 | cr ||||||||||| |
| 008 | 150406|2000||||xxc|||||o f|0| 0 eng|d |
| 040 | |aCaOODSP|beng |
| 043 | |an-cn--- |
| 086 | 1 |aNH18-24/28JE-PDF |
| 110 | 2 |aCanada Mortgage and Housing Corporation. |
| 245 | 10|aBefore you start an energy efficient retrofit - the building envelope |h[electronic resource] |
| 260 | |aOttawa - Ontario : |bCanada Mortgage and Housing Corporation |cc2000. |
| 300 | |a6p.|bfig., tables |
| 490 | 1 |aAbout your house |vCE28j |
| 590 | |a11-23-Supp|b2011-10-17 |
| 690 | 07|aInsulation|2gcpds |
| 690 | 07|aHeating|2gcpds |
| 690 | 07|aEnergy efficiency|2gcpds |
| 775 | 08|tAvant d'améliorer l'efficacité énergétique de votre maison : l'enveloppe du bâtiment |w(CaOODSP)9.602233 |
| 776 | 0#|tBefore you start an energy efficient retrofit - the building envelope |w(CaOODSP)9.615722 |
| 830 | #0|aAbout your house ;|vCE28j|w(CaOODSP)9.505388 |
| 856 | 40|ahttp://publications.gc.ca|qPDF|s115 KB|uhttps://publications.gc.ca/collections/Collection/NH18-24-28JE.pdf|yCE28j |